LEADER 01068nam a2200217 i 4500 001 000000200265 003 CaOOAMICUS 005 20110406000000.0 008 110406n it u000 u ita u 013 $a178963 040 $aSeMil$bita 100 1 $aMaggiolini, Alessandro .$0(OLS)http://semarc/name/7299 245 10$aOriginalità cristiana e vocazioni sacerdotali e religiose :$bpiano pastorale della Diocesi di Como 1990-1991 /$cAlessandro Maggiolini. 260 $aComo :$bIl settimanale della Diocesi di Como,$c[1990] 300 $a83 p. ;$c18 cm. 650 4$aMaggiolini, Alessandro -$0(OLS)http://semarc/subject/26101 850 $aSeMil 852 $aSeMil$W1$xVenegono$y1$m5D VII 18/26$j150794$B150794$CSeMilBibl$Z2$F162102 $81 961 $aOmaggio: Altro 996 $6245$aOriginalità cristiana e vocazioni sacerdotali e religiose :$bpiano pastorale della Diocesi di Como 1990-1991$9(OLS)http://semarc/title/289594 996 $6260$aComo :$bIl settimanale della Diocesi di Como$9(OLS)http://semarc/publisher/42456 LEADER 01045nam a2200205 i 4500 001 000000204407 003 CaOOAMICUS 005 20110726000000.0 008 110726s1805 it u000 u ita u 013 $a183128 026 $azao- b-to e,da naNo (3) 1805 (A) 040 $aSeMil$bita 245 10$aVol. 3. 300 $a378, [2] p. 490 0 $aEdizione delle opere classiche italiane 773 0 $aSegni, Bernardo <1504-1558>$tStorie fiorentine di messer Bernardo Segni gentiluomo fiorentino, dall'anno 1527 al 1555. Colla Vita di Niccolò Capponi gonfaloniere della Repubblica di Firenze, descritta dal medesimo Segni suo nipote. Volume primo [-terzo].$dMilano : Soc. Tip. de' Classici Italiani, contrada di S. Margherita, n.° 1118, 1805.$kEdizione delle opere classiche italiane$g3$w()25230 830 0$aEdizione delle opere classiche italiane.$0(OLS)http://semarc/title/33675 850 $aSeMil 852 $aSeMil$W1$xVenegono$y1$m1H I 15 FA$j154901$B154901$CSeMilBibl$Z2$F165743 $8I 996 $6245$aVol. 3$9(OLS)http://semarc/title/80712